000 00306nam a2200145Ia 4500
008 210210b1920 xxu||||| |||| 00| 0 eng d
041 _aeng
082 _a330/56
100 _aCANNAN (E)
245 _aWealth
260 _aLondon
_b-
_c1920
650 _aWealth
690 _aEconomics
906 _a003459
999 _c118697
_d118697